000 01190nam0a22003131 4500
001 rc\2288467
005 20260405120403.0
035 _a(NLR Aleph) 006664853
090 _a4932557
_c4932557
100 _a20110829d1979 |||y0rusy50 ca
101 0 _arus
102 _aRU
105 _aa z |||||
200 1 _aОловорудные пояса Земли
210 _aМосква
_cНаука
_d1979
215 _a127 с., 1 отд. л. схем.
_d21
300 _aВ надзаг.: АН СССР, Дальневост. науч. центр, Ин-т тектоники и геофизики
320 _aБиблиогр.: с. 117-126
606 _aОловорудные месторождения
_xГеология
_2rkp
700 1 _aОнихимовский
_bВ. В.
_gВадим Викторович
701 1 _8rus
_7ca
_aГаврилов
_bВ. И.
_cканд. геол.-минерал. наук
_gВладимир Иванович
_3RU\NLR\AUTH\7746592
_929527
801 0 _aRU
_bNLR
_gpsbo
801 1 _aRU
_bELAR
_2rusmarc
852 _aNLR
_j79-5/4523
899 _aRuMoRGB
_jБ 79-24/128
899 _aRuMoRGB
_jБ 79-24/129
942 _cBOOK
980 _aNB